Flag Quiz - Caribbean Islands - Statistics

General Stats
  • This quiz has been taken 48 times
  • The average score is 18 of 30
Answer Stats
Picture Answer % Correct
St. Lucia
97%
St. Vincent & the Grenadines
97%
Bahamas
95%
Barbados
89%
Haiti
84%
Cuba
81%
Dominican Republic
81%
Jamaica
81%
U.S. Virgin Islands
81%
Antigua & Barbuda
78%
Grenada
78%
St. Kitts & Nevis
78%
Trinidad & Tobago
78%
Dominica
76%
Puerto Rico
70%
Aruba
57%
Curaçao
57%
Anguilla
46%
Bermuda
46%
Bonaire
43%
Montserrat
41%
St. Martin
41%
Turks & Caicos Islands
41%
British Virgin Islands
38%
Cayman Islands
38%
Guadeloupe
38%
Martinique
30%
Saint Barthélemy
24%
Saba
22%
St. Eustatius
11%
No matching quizzes found
Score Distribution
Percent of People with Each Score
Percentile by Number Answered
Your Score History
You have not taken this quiz